000 00349cam a2200145ua 4500
041 _aeng
_h
082 _a750
_bREA/PH
100 _aRead, Herbert .
245 _aPhilosophy of modern act /
_cHerbert Read.
_hTextual Documents
260 _aLondon :
_bFaber and Faber Ltd.
300 _a278 ; .
504 _a
942 _cBK
999 _c5002
_d5002